My Chemical Romance Songs - Sudden Death - Statistics

General Stats
  • This quiz has been taken 1,180 times
  • The average score is 14 of 20
Answers on the Grid
Answers color-coded by a green-red scale on the quiz's grid according to % correct below.
I Never Told You What I Do for a Living
King for a Day
Boy Division
Sugar, We're Going Down
Brick by Boring Brick
SING
Helena
Miss Murder
Summertime
Honey, This Mirror Isn't Big Enough for the Two of Us
The Ghost of You
Vampire Money
Bring Me to Life
Build God, Then We'll Talk
I'm Not Okay (I Promise)
Teenagers
I Don't Love You
Johnny B. Goode
Dirty Little Secret
Drowning Lessons
Welcome to the Black Parade
In the End
The World is Ugly
The Foundations of Decay
Cancer
Demolition Lovers
Boulevard of Broken Dreams
Dead!
Na Na Na (Na Na Na Na Na Na Na Na Na)
Headfirst for Halos
 
Answer Stats
Answer % Correct
Helena
90%
Teenagers
87%
I Never Told You What I Do for a Living
83%
I'm Not Okay (I Promise)
80%
Welcome to the Black Parade
79%
The Ghost of You
77%
Honey, This Mirror Isn't Big Enough for the Two of Us
75%
I Don't Love You
74%
Na Na Na (Na Na Na Na Na Na Na Na Na)
68%
Cancer
66%
SING
65%
Dead!
64%
Boy Division
61%
Demolition Lovers
59%
Vampire Money
59%
Drowning Lessons
58%
The Foundations of Decay
58%
Summertime
56%
The World is Ugly
53%
Headfirst for Halos
50%
No matching quizzes found
Score Distribution
Percent of People with Each Score
Percentile by Number Answered
Your Score History
You have not taken this quiz